000 00767nam a22002177a 4500
003 OSt
005 20250930012452.0
008 250930b |||||||| |||| 00| 0 eng d
040 _aDWCL-Main lib
_cOC
082 _aGR. 282.092 B985 1956
100 _aAttwater, D.
245 _aButler's lives of the saints :
_bcomplete edition, volume III
260 _aAllen, Texas :
_bChristian Classics ;
_cCS, c1956
300 _axx, 705 pages :
_c 23 cm.
504 _aIncludes index
650 _2Catholic church prayers--books and devotions --english
650 _2Christian saints--biographies
650 _2Devotional calendars--catholics church
700 _aHerbert J. Thurston
942 _2ddc
_cGR
_hGR. 282.092 B985 1956
_kGR.
_n0
999 _c4548
_d4548